Truyền động điện Sách kỷ niệm 40 năm thành lập Trường đại học Bách khoa Hà Nội (1956-1966)

Sparad:
Bibliografiska uppgifter
Huvudupphovsman: Bùi Quốc Khánh
Övriga upphovsmän: Bùi Quốc Khánh, Nguyễn Văn Liễn
Materialtyp: Bok
Språk:Vietnamese
Publicerad: H. Khoa học kỹ thuật 1996
Ämnen:
Taggar: Lägg till en tagg
Inga taggar, Lägg till första taggen!
Thư viện lưu trữ: Mạng thư viện Đại học Đà Nẵng
LEADER 00890nam a2200289 4500
001 000013309
003 9649
005 20120313100322.0
008 120313s1996 viesd
020 |c 19000 
041 0 |a vie 
082 |a 621.31  |b BUI-K 
100 0 |a Bùi Quốc Khánh 
245 0 |a Truyền động điện  |b Sách kỷ niệm 40 năm thành lập Trường đại học Bách khoa Hà Nội (1956-1966)  |c Bùi Quốc Khánh, Nguyễn Văn Liễn, Nguyễn Thị Hiền 
260 |a H.  |b Khoa học kỹ thuật  |c 1996 
300 |a 331 tr  |c 21 cm 
653 |a truyền động điện 
700 |a Bùi Quốc Khánh, 
700 |a Nguyễn Văn Liễn 
OWN |a LSP 
999 |a From the UDN01 
TYP |a Monograph 
TYP |a Printed language 
980 |a Mạng thư viện Đại học Đà Nẵng